00616cam a22002177a 4500003000500000005001700005008004100022010001000063011001000073035001000083040000900093082001400102245002400116260005200140300001800192505007800210650002700288650003000315700002700345700002600372CHAP20220329134518.0971013s1948 r 00010 d a21407 a22379 a26474 cCHAP a634.3bC514aThe citrus industry aBarkeley Ca. :bUniversity of California,c1948 a2 v.b: ilus. aContenido: v.1 History: botany and breeding -- v.2 Production of the crop14aCítricosxIndustria.14aCítricosxMejoramiento.0 aBatehelor, Leo Dexter.0 aWebber, Herbert John.